[Event "5th CNE NED-ch Rapid 2019"]
[Site "Amstelveen"]
[Date "2019.12.01"]
[Round "1.2"]
[White "Van den Doel, Erik"]
[Black "Van Foreest, Jorden"]
[Result "1-0"]
[WhiteElo "2598"]
[BlackElo "2632"]
[Annotator "ChessBase"]
[PlyCount "53"]
[EventDate "2019.11.30"]
[EventType "tourn"]
[EventCountry "NED"]
[SourceTitle "playchess.com"]
[Source "ChessBase"]
[SourceQuality "1"]
[TimeControl "900+10"]

1. e4 {[%emt 0:00:00]} c5 {[%emt 0:00:00]} 2. Nf3 {[%emt 0:00:00]} Nc6 {[%emt 0:00:22]} 3. Bb5 {[%emt 0:00:09]} g6 {[%emt 0:00:26]} 4. O-O {[%emt 0:00:11]} Bg7 {[%emt 0:00:04]} 5. c3 {[%emt 0:00:03]} e5 {[%emt 0:00:35]} 6. d4 {[%emt 0:00:15]} cxd4 {[%emt 0:00:53]} 7. cxd4 {[%emt 0:00:02]} exd4 {[%emt 0:00:11]} 8. Bf4 {[%emt 0:00:03]} Nge7 {[%emt 0:00:19]} 9. Bd6 {[%emt 0:00:09]} a6 {[%emt 0:00:02]} 10. Qa4 {[%emt 0:01:29]} O-O {[%emt 0:01:29]} 11. Nbd2 {[%emt 0:01:46]} b6 {[%emt 0:00:53]} 12. Qa3 {[%emt 0:01:11]} Ra7 {[%emt 0:02:58]} 13. Bc4 {[%emt 0:02:35]} b5 {[%emt 0:00:08]} 14. Bd5 {[%emt 0:01:38]} b4 {[%emt 0:01:01]} 15. Qa4 {[%emt 0:00:36]} Rb7 {[%emt 0:01:14]} 16. Bc4 {[%emt 0:00:44]} Kh8 {[%emt 0:03:56]} 17. e5 {[%emt 0:01:22]} f6 {[%emt 0:00:22]} 18. exf6 {[%emt 0:00:15]} Rxf6 {[%emt 0:00:01]} 19. Ng5 {[%emt 0:00:18]} Nf5 {[%emt 0:00:08]} 20. Nde4 {[%emt 0:00:07]} Nxd6 {[%emt 0:01:14]} 21. Nxd6 {[%emt 0:00:07]} Ne5 {[%emt 0:00:01]} 22. Rae1 {[%emt 0:01:36]} Bf8 {[%emt 0:01:55]} 23. Nxb7 {[%emt 0:00:58]} Bxb7 {[%emt 0:00:02]} 24. Rxe5 {[%emt 0:00:03]} Qc7 {[%emt 0:00:00]} 25. Rfe1 {[%emt 0:00:40]} Qxc4 {[%emt 0:00:10]} 26. Qxd7 {[%emt 0:00:04]} Qc2 {[%emt 0:00:36]} 27. Qxh7# {[%emt 0:00:16]} 1-0

[Event "5th CNE NED-ch Rapid 2019"]
[Site "Amstelveen"]
[Date "2019.12.01"]
[Round "1.3"]
[White "Ernst, Sipke"]
[Black "Reinderman, Dimitri"]
[Result "1/2-1/2"]
[WhiteElo "2553"]
[BlackElo "2575"]
[Annotator "ChessBase"]
[PlyCount "120"]
[EventDate "2019.11.30"]
[EventType "tourn"]
[EventCountry "NED"]
[SourceTitle "playchess.com"]
[Source "ChessBase"]
[SourceQuality "1"]
[TimeControl "900+10"]

1. d4 {[%emt 0:00:00]} e6 {[%emt 0:00:00]} 2. Bf4 {[%emt 0:00:01]} d5 {[%emt 0:00:00]} 3. e3 {[%emt 0:00:06]} Bd6 {[%emt 0:00:02]} 4. Nf3 {[%emt 0:00:04]} Nf6 {[%emt 0:00:21]} 5. Nbd2 {[%emt 0:00:22]} b6 {[%emt 0:00:27]} 6. Bb5+ {[%emt 0:00:07]} c6 {[%emt 0:00:05]} 7. Bd3 {[%emt 0:00:03]} O-O {[%emt 0:01:11]} 8. O-O {[%emt 0:00:24]} c5 {[%emt 0:00:34]} 9. Ne5 {[%emt 0:02:48]} Bb7 {[%emt 0:02:08]} 10. Qf3 {[%emt 0:00:14]} Qc7 {[%emt 0:00:36]} 11. c3 {[%emt 0:03:23]} Nfd7 {[%emt 0:02:57]} 12. Qh3 {[%emt 0:01:43]} f5 {[%emt 0:00:52]} 13. Ndf3 {[%emt 0:00:02]} Nxe5 {[%emt 0:01:09]} 14. Ng5 {[%emt 0:01:18]} h6 {[%emt 0:00:20]} 15. Nxe6 {[%emt 0:01:29]} Nxd3 {[%emt 0:00:08]} 16. Nxc7 {[%emt 0:00:31]} Nxf4 {[%emt 0:00:03]} 17. exf4 {[%emt 0:00:02]} Bxc7 {[%emt 0:00:01]} 18. Rfe1 {[%emt 0:00:52]} Bxf4 {[%emt 0:01:00]} 19. dxc5 {[%emt 0:01:07]} bxc5 {[%emt 0:00:03]} 20. Rad1 {[%emt 0:00:27]} Nd7 {[%emt 0:01:00]} 21. Re7 {[%emt 0:00:17]} Rad8 {[%emt 0:00:08]} 22. Qd3 {[%emt 0:00:05]} Bg5 {[%emt 0:00:13]} 23. Re6 {[%emt 0:00:07]} Nb6 {[%emt 0:00:27]} 24. Qb5 {[%emt 0:00:03]} d4 {[%emt 0:00:25]} 25. Qxc5 {[%emt 0:00:48]} dxc3 {[%emt 0:00:27]} 26. Rxd8 {[%emt 0:00:02]} Rxd8 {[%emt 0:00:03]} 27. Qxc3 {[%emt 0:00:03]} Bf6 {[%emt 0:00:43]} 28. Qe1 {[%emt 0:00:17]} Kf7 {[%emt 0:00:06]} 29. Re2 {[%emt 0:00:23]} Nd5 {[%emt 0:00:09]} 30. g3 {[%emt 0:00:17]} Rc8 {[%emt 0:00:32]} 31. Qa5 {[%emt 0:00:23]} a6 {[%emt 0:00:24]} 32. Qd2 {[%emt 0:00:31]} Bg5 {[%emt 0:00:21]} 33. f4 {[%emt 0:00:10]} Bd8 {[%emt 0:00:09]} 34. Re5 {[%emt 0:00:12]} Bb6+ {[%emt 0:00:06]} 35. Kf1 {[%emt 0:00:01]} Rd8 {[%emt 0:00:16]} 36. Qc2 {[%emt 0:00:18]} g6 {[%emt 0:00:37]} 37. Qb3 {[%emt 0:00:01]} Rd6 {[%emt 0:00:04]} 38. Qa3 {[%emt 0:00:52]} Rd7 {[%emt 0:00:22]} 39. Qb3 {[%emt 0:00:02]} Ba7 {[%emt 0:00:29]} 40. Qa4 {[%emt 0:00:17]} Nf6 {[%emt 0:00:19]} 41. h3 {[%emt 0:00:17]} Bd4 {[%emt 0:00:14]} 42. Qc4+ {[%emt 0:00:07]} Bd5 {[%emt 0:00:25]} 43. Qa4 {[%emt 0:00:06]} Be6 {[%emt 0:00:45]} 44. Rxe6 {[%emt 0:00:40]} Kxe6 {[%emt 0:00:01]} 45. Qxa6+ {[%emt 0:00:00]} Kf7 {[%emt 0:00:19]} 46. b4 {[%emt 0:00:12]} g5 {[%emt 0:00:35]} 47. Qc6 {[%emt 0:00:17]} gxf4 {[%emt 0:00:48]} 48. gxf4 {[%emt 0:00:01]} Ke7 {[%emt 0:00:11]} 49. b5 {[%emt 0:00:30]} Be3 {[%emt 0:00:03]} 50. b6 {[%emt 0:00:37]} Bxf4 {[%emt 0:00:02]} 51. b7 {[%emt 0:00:12]} Bb8 {[%emt 0:00:05]} 52. Qc8 {[%emt 0:00:07]} Rd8 {[%emt 0:00:04]} 53. Qxf5 {[%emt 0:00:05]} Nd5 {[%emt 0:00:25]} 54. Qh7+ {[%emt 0:00:05]} Kd6 {[%emt 0:00:05]} 55. a4 {[%emt 0:00:15]} Kc6 {[%emt 0:00:09]} 56. a5 {[%emt 0:00:02]} Rd7 {[%emt 0:00:12]} 57. Qxh6+ {[%emt 0:00:07]} Kxb7 {[%emt 0:00:02]} 58. Qe6 {[%emt 0:00:07]} Rd6 {[%emt 0:00:15]} 59. Qe4 {[%emt 0:00:19]} Bc7 {[%emt 0:00:05]} 60. h4 {[%emt 0:00:09]} Bxa5 {[%emt 0:00:14]} 1/2-1/2

[Event "5th CNE NED-ch Rapid 2019"]
[Site "Amstelveen"]
[Date "2019.12.01"]
[Round "1.4"]
[White "Smeets, Jan"]
[Black "Pruijssers, Roeland"]
[Result "1-0"]
[WhiteElo "2596"]
[BlackElo "2557"]
[Annotator "TA"]
[PlyCount "55"]
[EventDate "2019.11.30"]
[EventType "tourn"]
[EventCountry "NED"]
[SourceTitle "playchess.com"]
[Source "ChessBase"]
[SourceQuality "1"]

{[%evp 17,55,0,34,16,26,10,28,25,32,35,52,0,10,20,22,-18,-20,-16,116,114,386,415,540,541,867,852,854,847,829,772,1821,1817,1750,1730,1573,1554,1462,1399,1224,1224]} 1. e4 e5 2. Nf3 Nc6 3. Bb5 a6 4. Bxc6 dxc6 5. O-O Qf6 6. d3 Ne7 7. Bg5 Qd6 8. Nbd2 f6 9. Be3 Be6 10. d4 {C68: Ruy Lopez: Exchange Variation, sidelines} Ng6 11. c3 (11. dxe5 fxe5 12. Qe2 O-O-O 13. Rfd1 Be7 14. a3 c5 15. b4 cxb4 16. axb4 Qxb4 17. Rxa6 bxa6 18. Qxa6+ {0-1 (34) Petrik,T (2534)-Tazbir,M (2555) Czechia 2013}) 11... O-O-O $146 ({Predecessor:} 11... Qd7 12. dxe5 fxe5 13. Ng5 Bg8 14. Nb3 Qxd1 15. Rfxd1 b6 16. g3 h6 17. Nh3 a5 {0-1 (40) Garcia Martinez,S-Olafsson,F Lanzarote 1974}) 12. Qc2 {White has an edge.} Qd7 13. b4 Bd6 14. Nb3 exd4 15. Nfxd4 Ne5 16. Nc5 Bxc5 $1 17. bxc5 {Rfb1 is the strong threat.} Nc4 (17... Bc4 $11 {remains equal.}) 18. Rab1 $16 {Black must now prevent Qb3!} Na3 $2 {[%mdl 8192] [#]} (18... Bf7 $16 {is a better defense.}) 19. Qb2 $1 $18 {[%csl Gb1,LRa3,LRb7][%cal Rb2b7][%mdl 576] Double Attack} Nxb1 20. Rxb1 {[%csl Gb1][%cal Rb2b7] White is clearly winning.} Rdf8 21. Qxb7+ {[%mdl 64] Double Attack} Kd8 22. Nxe6+ {[%mdl 64] Overworked Piece} Qxe6 23. Rd1+ Ke8 24. Qxc7 {[%csl Gc7][%cal Rd1d8]} Qe7 25. Qxc6+ {[%mdl 64] Double Attack} Kf7 {[#]} 26. Rd7 $1 Rd8 27. Rxe7+ Kxe7 28. h4 {Accuracy: White = 77%, Black = 35%.} 1-0

[Event "5th CNE NED-ch Rapid 2019"]
[Site "Amstelveen"]
[Date "2019.12.01"]
[Round "2.2"]
[White "Reinderman, Dimitri"]
[Black "Smeets, Jan"]
[Result "0-1"]
[WhiteElo "2575"]
[BlackElo "2596"]
[Annotator "ChessBase"]
[PlyCount "58"]
[EventDate "2019.11.30"]
[EventType "tourn"]
[EventCountry "NED"]
[SourceTitle "playchess.com"]
[Source "ChessBase"]
[SourceQuality "1"]
[TimeControl "900+10"]

1. Nf3 {[%emt 0:00:00]} d5 {[%emt 0:00:00]} 2. c4 {[%emt 0:00:00]} c6 {[%emt 0:00:00]} 3. g3 {[%emt 0:00:00]} Nf6 {[%emt 0:00:00]} 4. Bg2 {[%emt 0:00:00]} dxc4 {[%emt 0:00:00]} 5. O-O {[%emt 0:00:00]} b5 {[%emt 0:00:00]} 6. b3 {[%emt 0:00:02]} cxb3 {[%emt 0:00:01]} 7. Qxb3 {[%emt 0:00:06]} e6 {[%emt 0:00:15]} 8. a4 {[%emt 0:01:42]} b4 {[%emt 0:00:32]} 9. a5 {[%emt 0:02:19]} Bb7 {[%emt 0:02:36]} 10. Ne5 {[%emt 0:01:15]} Qc8 {[%emt 0:01:33]} 11. d4 {[%emt 0:01:31]} c5 {[%emt 0:02:32]} 12. Bb2 {[%emt 0:04:31]} Bxg2 {[%emt 0:01:43]} 13. Kxg2 {[%emt 0:00:01]} Nbd7 {[%emt 0:00:51]} 14. Qa4 {[%emt 0:00:24]} c4 {[%emt 0:03:37]} 15. Rc1 {[%emt 0:00:03]} c3 {[%emt 0:00:04]} 16. Bxc3 {[%emt 0:00:02]} Qb7+ {[%emt 0:00:58]} 17. f3 {[%emt 0:00:41]} bxc3 {[%emt 0:00:03]} 18. Nxc3 {[%emt 0:00:04]} Qb4 {[%emt 0:01:12]} 19. Nb5 {[%emt 0:01:31]} Qxa4 {[%emt 0:01:15]} 20. Nc7+ {[%emt 0:00:01]} Ke7 {[%emt 0:00:49]} 21. Rxa4 {[%emt 0:00:04]} Nxe5 {[%emt 0:00:16]} 22. dxe5 {[%emt 0:00:32]} Rb8 {[%emt 0:00:11]} 23. Na6 {[%emt 0:01:04]} Rb2 {[%emt 0:00:01]} 24. exf6+ {[%emt 0:01:57]} Kxf6 {[%emt 0:00:01]} 25. Rc7 {[%emt 0:00:32]} Bd6 {[%emt 0:00:23]} 26. Rd7 {[%emt 0:00:06]} Rxe2+ {[%emt 0:00:07]} 27. Kh3 {[%emt 0:00:04]} Be5 {[%emt 0:00:08]} 28. f4 {[%emt 0:00:17]} Bb2 {[%emt 0:00:12]} 29. Nc5 {[%emt 0:00:21]} Rc8 {[%emt 0:00:13]} 0-1

[Event "5th CNE NED-ch Rapid 2019"]
[Site "Amstelveen"]
[Date "2019.12.01"]
[Round "2.3"]
[White "Van Foreest, Jorden"]
[Black "Ernst, Sipke"]
[Result "1/2-1/2"]
[WhiteElo "2632"]
[BlackElo "2553"]
[Annotator "ChessBase"]
[PlyCount "124"]
[EventDate "2019.11.30"]
[EventType "tourn"]
[EventCountry "NED"]
[SourceTitle "playchess.com"]
[Source "ChessBase"]
[SourceQuality "1"]
[TimeControl "900+10"]

1. e4 {[%emt 0:00:00]} e5 {[%emt 0:00:01]} 2. Nf3 {[%emt 0:00:00]} Nc6 {[%emt 0:00:02]} 3. Bb5 {[%emt 0:00:00]} a6 {[%emt 0:00:03]} 4. Ba4 {[%emt 0:00:00]} Nf6 {[%emt 0:00:03]} 5. O-O {[%emt 0:00:06]} Nxe4 {[%emt 0:00:03]} 6. d4 {[%emt 0:00:03]} b5 {[%emt 0:00:03]} 7. Bb3 {[%emt 0:00:02]} d5 {[%emt 0:00:03]} 8. dxe5 {[%emt 0:00:02]} Be6 {[%emt 0:00:03]} 9. c3 {[%emt 0:00:17]} Be7 {[%emt 0:00:53]} 10. Bc2 {[%emt 0:01:01]} O-O {[%emt 0:00:06]} 11. Nbd2 {[%emt 0:01:16]} Nxd2 {[%emt 0:00:02]} 12. Qxd2 {[%emt 0:00:05]} Qd7 {[%emt 0:01:40]} 13. Qd3 {[%emt 0:00:04]} g6 {[%emt 0:00:05]} 14. Bh6 {[%emt 0:00:14]} Rfe8 {[%emt 0:00:26]} 15. Rfe1 {[%emt 0:00:05]} Bf5 {[%emt 0:02:31]} 16. Qd2 {[%emt 0:00:08]} Bxc2 {[%emt 0:01:36]} 17. Qxc2 {[%emt 0:00:02]} Nd8 {[%emt 0:00:43]} 18. h3 {[%emt 0:00:54]} Ne6 {[%emt 0:00:21]} 19. Rad1 {[%emt 0:00:03]} Rad8 {[%emt 0:00:06]} 20. Nh2 {[%emt 0:00:04]} d4 {[%emt 0:00:16]} 21. cxd4 {[%emt 0:04:43]} Nxd4 {[%emt 0:00:02]} 22. Qe4 {[%emt 0:00:02]} Bb4 {[%emt 0:03:25]} 23. Ng4 {[%emt 0:00:36]} Be7 {[%emt 0:00:15]} 24. Be3 {[%emt 0:05:12]} c5 {[%emt 0:00:01]} 25. b4 {[%emt 0:00:39]} h5 {[%emt 0:02:14]} 26. bxc5 {[%emt 0:00:47]} Ne2+ {[%emt 0:00:32]} 27. Kh2 {[%emt 0:00:07]} Nc3 {[%emt 0:00:06]} 28. Rxd7 {[%emt 0:00:07]} Nxe4 {[%emt 0:00:02]} 29. Nh6+ {[%emt 0:02:49]} Kg7 {[%emt 0:00:03]} 30. c6 {[%emt 0:00:01]} Rxd7 {[%emt 0:00:53]} 31. cxd7 {[%emt 0:00:02]} Rd8 {[%emt 0:00:45]} 32. e6 {[%emt 0:00:12]} fxe6 {[%emt 0:00:07]} 33. Bb6 {[%emt 0:00:06]} Rxd7 {[%emt 0:01:52]} 34. Rxe4 {[%emt 0:00:01]} Kxh6 {[%emt 0:00:06]} 35. Rxe6 {[%emt 0:00:02]} Kg7 {[%emt 0:00:18]} 36. g4 {[%emt 0:00:07]} Kf7 {[%emt 0:00:12]} 37. Re2 {[%emt 0:00:05]} hxg4 {[%emt 0:00:05]} 38. hxg4 {[%emt 0:00:02]} g5 {[%emt 0:00:11]} 39. Kg2 {[%emt 0:00:03]} b4 {[%emt 0:00:07]} 40. Re5 {[%emt 0:00:04]} Rd3 {[%emt 0:00:56]} 41. Ra5 {[%emt 0:00:27]} Ke6 {[%emt 0:00:12]} 42. Be3 {[%emt 0:00:43]} Ra3 {[%emt 0:00:01]} 43. Rxa3 {[%emt 0:00:01]} bxa3 {[%emt 0:00:01]} 44. Kf3 {[%emt 0:00:15]} Kd5 {[%emt 0:00:00]} 45. Ke2 {[%emt 0:00:15]} Kc4 {[%emt 0:00:01]} 46. Kd2 {[%emt 0:00:13]} Bd8 {[%emt 0:00:06]} 47. Kc2 {[%emt 0:00:03]} Bf6 {[%emt 0:00:03]} 48. Bc1 {[%emt 0:00:03]} Be7 {[%emt 0:00:02]} 49. f3 {[%emt 0:00:23]} Kd4 {[%emt 0:00:01]} 50. Kb3 {[%emt 0:00:02]} Kd3 {[%emt 0:00:04]} 51. f4 {[%emt 0:00:20]} gxf4 {[%emt 0:00:02]} 52. Bxf4 {[%emt 0:00:01]} Ke4 {[%emt 0:00:01]} 53. Bc1 {[%emt 0:00:02]} Kd5 {[%emt 0:00:45]} 54. Ka4 {[%emt 0:00:19]} Kc6 {[%emt 0:00:06]} 55. Bxa3 {[%emt 0:00:03]} Bg5 {[%emt 0:00:06]} 56. Ka5 {[%emt 0:00:04]} Kb7 {[%emt 0:00:02]} 57. Kb4 {[%emt 0:00:07]} Kc6 {[%emt 0:00:02]} 58. Kc4 {[%emt 0:00:02]} Bf6 {[%emt 0:00:02]} 59. Bc1 {[%emt 0:00:01]} Kd6 {[%emt 0:00:24]} 60. Bf4+ {[%emt 0:00:03]} Kc6 {[%emt 0:00:01]} 61. g5 {[%emt 0:00:22]} Bxg5 {[%emt 0:00:04]} 62. Bxg5 {[%emt 0:00:04]} a5 {[%emt 0:00:02]} 1/2-1/2

[Event "5th CNE NED-ch Rapid 2019"]
[Site "Amstelveen"]
[Date "2019.12.01"]
[Round "2.4"]
[White "Van Wely, Loek"]
[Black "Van den Doel, Erik"]
[Result "1/2-1/2"]
[WhiteElo "2610"]
[BlackElo "2598"]
[Annotator "ChessBase"]
[PlyCount "101"]
[EventDate "2019.11.30"]
[EventType "tourn"]
[EventCountry "NED"]
[SourceTitle "playchess.com"]
[Source "ChessBase"]
[SourceQuality "1"]
[TimeControl "900+10"]

1. c4 {[%emt 0:00:00]} c6 {[%emt 0:00:00]} 2. Nf3 {[%emt 0:00:00]} d5 {[%emt 0:00:00]} 3. e3 {[%emt 0:00:02]} Nf6 {[%emt 0:00:02]} 4. Nc3 {[%emt 0:00:04]} e6 {[%emt 0:00:07]} 5. b3 {[%emt 0:00:06]} Bd6 {[%emt 0:00:04]} 6. Bb2 {[%emt 0:00:02]} O-O {[%emt 0:00:03]} 7. Qc2 {[%emt 0:00:42]} e5 {[%emt 0:00:17]} 8. cxd5 {[%emt 0:00:06]} cxd5 {[%emt 0:00:02]} 9. Nb5 {[%emt 0:00:02]} Nc6 {[%emt 0:00:02]} 10. Nxd6 {[%emt 0:00:03]} Qxd6 {[%emt 0:00:02]} 11. Rc1 {[%emt 0:03:38]} Bg4 {[%emt 0:01:31]} 12. Qc5 {[%emt 0:00:03]} Qe6 {[%emt 0:01:05]} 13. Qb5 {[%emt 0:04:25]} Rab8 {[%emt 0:01:56]} 14. h3 {[%emt 0:00:01]} Bxf3 {[%emt 0:01:47]} 15. gxf3 {[%emt 0:00:02]} Rfc8 {[%emt 0:00:13]} 16. Bg2 {[%emt 0:01:08]} Ne8 {[%emt 0:02:59]} 17. f4 {[%emt 0:01:57]} e4 {[%emt 0:00:48]} 18. Rg1 {[%emt 0:00:59]} Nd6 {[%emt 0:00:05]} 19. Qa4 {[%emt 0:00:14]} Nf5 {[%emt 0:00:14]} 20. Bf1 {[%emt 0:00:10]} a6 {[%emt 0:00:32]} 21. Be2 {[%emt 0:00:09]} Nce7 {[%emt 0:00:12]} 22. Rxc8+ {[%emt 0:00:20]} Rxc8 {[%emt 0:00:16]} 23. Bg4 {[%emt 0:00:19]} Ng6 {[%emt 0:00:17]} 24. Ke2 {[%emt 0:01:26]} Ngh4 {[%emt 0:01:35]} 25. Bxg7 {[%emt 0:00:35]} Nf3 {[%emt 0:00:01]} 26. Bxf3 {[%emt 0:01:28]} exf3+ {[%emt 0:00:04]} 27. Kxf3 {[%emt 0:00:05]} Nxg7 {[%emt 0:00:13]} 28. Kg3 {[%emt 0:00:54]} Kh8 {[%emt 0:00:49]} 29. Kh2 {[%emt 0:00:05]} Nf5 {[%emt 0:00:10]} 30. Rg4 {[%emt 0:00:12]} f6 {[%emt 0:00:41]} 31. Qb4 {[%emt 0:00:18]} b5 {[%emt 0:00:23]} 32. a4 {[%emt 0:00:01]} bxa4 {[%emt 0:00:12]} 33. bxa4 {[%emt 0:00:01]} d4 {[%emt 0:01:42]} 34. Qb7 {[%emt 0:00:07]} dxe3 {[%emt 0:00:25]} 35. dxe3 {[%emt 0:00:01]} Rc2 {[%emt 0:00:16]} 36. Rg2 {[%emt 0:00:45]} Rc4 {[%emt 0:00:48]} 37. Qb8+ {[%emt 0:00:13]} Rc8 {[%emt 0:00:01]} 38. Qb7 {[%emt 0:00:02]} Rg8 {[%emt 0:00:07]} 39. Rg4 {[%emt 0:00:15]} Rxg4 {[%emt 0:00:26]} 40. hxg4 {[%emt 0:00:01]} Nh6 {[%emt 0:00:02]} 41. g5 {[%emt 0:00:15]} fxg5 {[%emt 0:00:07]} 42. fxg5 {[%emt 0:00:02]} Nf7 {[%emt 0:00:14]} 43. f4 {[%emt 0:00:07]} Kg7 {[%emt 0:00:01]} 44. Qb2+ {[%emt 0:00:25]} Kg8 {[%emt 0:00:03]} 45. Qb8+ {[%emt 0:00:03]} Kg7 {[%emt 0:00:01]} 46. Qb2+ {[%emt 0:00:01]} Kg6 {[%emt 0:00:08]} 47. Qc2+ {[%emt 0:00:01]} Qf5 {[%emt 0:00:03]} 48. Qc6+ {[%emt 0:00:03]} Kh5 {[%emt 0:00:10]} 49. Qxa6 {[%emt 0:00:15]} Qg4 {[%emt 0:00:37]} 50. Qf1 {[%emt 0:00:09]} Kg6 {[%emt 0:00:27]} 51. Qd3+ {[%emt 0:00:21]} 1/2-1/2

[Event "5th CNE NED-ch Rapid 2019"]
[Site "Amstelveen"]
[Date "2019.12.01"]
[Round "3.1"]
[White "Ernst, Sipke"]
[Black "Van Wely, Loek"]
[Result "1/2-1/2"]
[WhiteElo "2553"]
[BlackElo "2610"]
[Annotator "TA"]
[PlyCount "89"]
[EventDate "2019.11.30"]
[EventType "tourn"]
[EventCountry "NED"]
[SourceTitle "playchess.com"]
[Source "ChessBase"]
[SourceQuality "1"]

{[%evp 27,89,8,10,11,5,6,21,24,10,0,28,29,93,0,82,75,106,118,166,161,164,150,156,146,122,119,133,133,128,129,132,111,112,110,110,110,110,113,129,126,158,156,153,0,0,-394,-175,-153,-174,-349,141,122,145,0,0,0,0,0,0,0,0,0,0,0]} 1. d4 d5 2. c4 c6 3. Nf3 Nf6 4. Nc3 dxc4 5. a4 Bf5 6. Ne5 e6 7. f3 Bb4 8. e4 Bxe4 9. fxe4 Nxe4 10. Bd2 Qxd4 11. Nxe4 Qxe4+ 12. Qe2 Bxd2+ 13. Kxd2 Qd5+ 14. Kc3 O-O 15. Qe3 {D17: Slav Defence: 5 a4 Bf5: Lines with 6 Nh4 and 6 Ne5} b5 16. Be2 {Rad1 is the strong threat.} Nd7 17. Nxd7 Qxd7 18. Bf3 {Threatens to win with axb5.} Rac8 19. Rhd1 {[#]} Qc7 $146 (19... Qe7 $11 {keeps the balance.}) ({Predecessor:} 19... Qe7 20. Kc2 a6 21. Qe5 Qb4 22. Qc3 Qc5 {½-½ (37) Piket,J (2670)-Kramnik,V (2715) Monte Carlo 1995}) 20. h4 ({Better is} 20. axb5 $16 cxb5 21. Rxa7 Qxh2 22. Rb7) 20... Qa5+ (20... a5 $11 {remains equal.}) 21. Kc2 $16 {[%mdl 1024] White has strong compensation.} b4 22. Rd4 $1 Qc5 23. Re1 b3+ 24. Kc1 Qb4 25. Qc3 Qxa4 26. Rxc4 Qa1+ 27. Kd2 Rfd8+ 28. Ke2 Qa6 29. Rc1 (29. Qxb3 $6 Rb8 $14) 29... h6 30. Kf2 Qb6+ 31. Kg3 c5 32. Kh3 ({Of course not} 32. Rxc5 $6 Qd6+ 33. Kh3 Rxc5 $14) 32... f5 33. Re1 ({Don't play} 33. Rxc5 $6 Rxc5 34. Qxc5 Qxc5 $11) 33... Rc7 34. Re3 Rd4 35. Re5 $2 (35. h5 $16) 35... g5 $1 $11 36. g4 $2 {[%mdl 8192] [#]} (36. hxg5 $1 $11 {and White is okay.} hxg5 37. g4) 36... Qd6 (36... h5 $142 $1 {[%mdl 512]} 37. gxh5 g4+ 38. Bxg4 fxg4+ 39. Kg2 Qc6+ 40. Kg1 Qd6 41. Rxd4 cxd4) 37. Rxd4 $19 cxd4 38. Qe1 $2 {[#]} (38. Qa5 h5 39. gxf5 g4+ {[%mdl 64] Double Attack} 40. Kg3) 38... d3 $2 (38... h5 $1 $19 {[%mdl 512] White must now prevent ...d3.} 39. gxh5 g4+ 40. Bxg4 fxg4+ 41. Kxg4 d3 42. Rg5+ Kh8) 39. Rxe6 $16 d2 40. Qe3 (40. Rxd6 dxe1=Q 41. Rg6+ {[#]} Kf7 $1 {[%mdl 512]} 42. Rc6 fxg4+ 43. Bxg4 Qxh4+ 44. Kg2 Qxg4+ 45. Kf1 Rxc6 46. Kf2 Rc2+ {[%mdl 64] Double Attack} 47. Ke3 Qc4 48. Kf3 Qf4#) ({Only move:} 40. Qe2 $16 fxg4+ 41. Bxg4) 40... d1=Q $11 {The position is equal.} 41. Bxd1 Qxd1 42. Re8+ Kh7 43. Re7+ Rxe7 44. Qxe7+ Kg8 45. Qe8+ {Accuracy: White = 58%, Black = 41%.} 1/2-1/2

[Event "5th CNE NED-ch Rapid 2019"]
[Site "Amstelveen"]
[Date "2019.12.01"]
[Round "3.2"]
[White "Smeets, Jan"]
[Black "Van Foreest, Jorden"]
[Result "1-0"]
[WhiteElo "2596"]
[BlackElo "2632"]
[Annotator "ChessBase"]
[PlyCount "73"]
[EventDate "2019.11.30"]
[EventType "tourn"]
[EventCountry "NED"]
[SourceTitle "playchess.com"]
[Source "ChessBase"]
[SourceQuality "1"]
[TimeControl "900+10"]

1. e4 {[%emt 0:00:10]} c5 {[%emt 0:00:00]} 2. Nf3 {[%emt 0:00:12]} d6 {[%emt 0:00:00]} 3. d4 {[%emt 0:00:10]} cxd4 {[%emt 0:00:00]} 4. Nxd4 {[%emt 0:00:01]} Nf6 {[%emt 0:00:00]} 5. Nc3 {[%emt 0:00:01]} a6 {[%emt 0:00:00]} 6. Be2 {[%emt 0:00:05]} e5 {[%emt 0:00:02]} 7. Nf5 {[%emt 0:00:06]} d5 {[%emt 0:00:21]} 8. Bg5 {[%emt 0:00:02]} d4 {[%emt 0:00:31]} 9. Bxf6 {[%emt 0:00:03]} gxf6 {[%emt 0:00:12]} 10. Nb1 {[%emt 0:00:03]} Bb4+ {[%emt 0:02:00]} 11. Kf1 {[%emt 0:00:02]} Bxf5 {[%emt 0:00:11]} 12. exf5 {[%emt 0:00:01]} Nc6 {[%emt 0:00:04]} 13. Bd3 {[%emt 0:00:40]} Qd5 {[%emt 0:00:19]} 14. Qe2 {[%emt 0:00:05]} O-O-O {[%emt 0:00:03]} 15. a3 {[%emt 0:00:14]} Qa5 {[%emt 0:01:05]} 16. g3 {[%emt 0:02:53]} Kb8 {[%emt 0:01:44]} 17. Qf3 {[%emt 0:00:53]} Ne7 {[%emt 0:01:11]} 18. Be4 {[%emt 0:00:04]} Nc8 {[%emt 0:00:07]} 19. Bxb7 {[%emt 0:00:26]} Qb5+ {[%emt 0:00:01]} 20. Kg2 {[%emt 0:00:30]} Qxb7 {[%emt 0:00:04]} 21. axb4 {[%emt 0:02:45]} e4 {[%emt 0:00:22]} 22. Qf4+ {[%emt 0:00:02]} Nd6 {[%emt 0:00:01]} 23. Nd2 {[%emt 0:00:49]} Rhe8 {[%emt 0:00:12]} 24. Nc4 {[%emt 0:01:19]} e3+ {[%emt 0:00:03]} 25. f3 {[%emt 0:03:00]} Qc7 {[%emt 0:00:14]} 26. Rxa6 {[%emt 0:00:26]} Qxc4 {[%emt 0:00:01]} 27. Rxd6 {[%emt 0:00:37]} Qxc2+ {[%emt 0:00:23]} 28. Kh3 {[%emt 0:00:01]} Qc7 {[%emt 0:01:10]} 29. Rb6+ {[%emt 0:00:54]} Kc8 {[%emt 0:00:02]} 30. Rc1 {[%emt 0:00:01]} Rd7 {[%emt 0:02:37]} 31. Rxc7+ {[%emt 0:01:31]} Rxc7 {[%emt 0:00:01]} 32. Ra6 {[%emt 0:00:06]} Re5 {[%emt 0:00:01]} 33. Qxd4 {[%emt 0:00:23]} e2 {[%emt 0:00:21]} 34. Ra8+ {[%emt 0:00:14]} Kb7 {[%emt 0:00:01]} 35. Qa7+ {[%emt 0:00:31]} Kc6 {[%emt 0:00:01]} 36. Qa6+ {[%emt 0:00:27]} Kd7 {[%emt 0:00:06]} 37. Qxf6 {[%emt 0:00:02]} 1-0